书目信息 |
| 题名: |
正说元朝十五帝
|
|
| 作者: | 章恺 编著 | |
| 分册: | ||
| 出版信息: | 北京 群言出版社 2005.12 |
|
| 页数: | 274页 | |
| 开本: | 23cm | |
| 丛书名: | ||
| 单 册: | ||
| 中图分类: | K827=47 | |
| 科图分类: | ||
| 主题词: | 帝王--di wang--生平事迹--中国--元代 | |
| 电子资源: | ||
| ISBN: | 7-80080-560-3 | |
| 000 | 00912nam0 2200289 450 | |
| 000 | 00939nam0 2200289 450 | |
| 000 | 00902nam0 2200277 450 | |
| 000 | 00885nam0 2200277 450 | |
| 000 | 00848nam0 2200265 450 | |
| 001 | CAL 012006046697 | |
| 005 | 20061031101208.62 | |
| 010 | @a7-80080-560-3@dCNY29.80 | |
| 099 | @aCAL 012006046697 | |
| 100 | @a20060825d2005 em y0chiy0120 ea | |
| 101 | 0 | @achi |
| 102 | @aCN@b110000 | |
| 105 | @aa a 000ay | |
| 200 | 1 | @a正说元朝十五帝@Azheng shuo yuan chao shi wu di@e图文本@f章恺编著 |
| 210 | @a北京@c群言出版社@d2005.12 | |
| 215 | @a274页@c图@d23cm | |
| 320 | @a有书目 (第273-274页) | |
| 330 | @a本书内容包括: 元太祖成吉思汗; 元太宗窝阔台; 元定宗贵由; 元宪宗蒙哥; 元世祖忽必烈等内容。 | |
| 606 | 0 | @a帝王@Adi wang@x生平事迹@y中国@z元代 |
| 690 | @aK827=47@v4 | |
| 701 | 0 | @a章恺@Azhang kai@4编著 |
| 801 | 0 | @aCN@c20061031 |
| 905 | @a10447@dK827=47@eZ264 | |
| 正说元朝十五帝:图文本/章恺编著.-北京:群言出版社,2005.12 |
| 274页:图;23cm |
| ISBN 7-80080-560-3:CNY29.80 |
| 本书内容包括: 元太祖成吉思汗; 元太宗窝阔台; 元定宗贵由; 元宪宗蒙哥; 元世祖忽必烈等内容。 |
| ● |
| 相关链接 |
|
|
|
正题名:正说元朝十五帝
索取号:K827=47/Z264
 
预约/预借
| 序号 | 登录号 | 条形码 | 馆藏地/架位号 | 状态 | 备注 |
| 1 | 633065 | 206330656 | 社科库309/309社科库 58排2列2层/ [索取号:K827=47/Z264] | 在馆 | |
| 2 | 633066 | 206330665 | 社科库309/309社科库 58排2列2层/ [索取号:K827=47/Z264] | 在馆 | |
| 3 | 633067 | 206330674 | 社科库309/309社科库 58排2列2层/ [索取号:K827=47/Z264] | 在馆 |